| Поле | Инд. | ПП | Название | Значение |
|---|---|---|---|---|
| Тип записи | a | |||
| Библиографический уровень | m | |||
| 001 | Контрольный номер | aa975ce0-e533-42ca-ab30-67c3be71c057 | ||
| 005 | Дата корректировки | 20131111193550.4 | ||
| 008 | Кодируемые данные | 000224 d | ||
| 020 | c | Цена, тираж | 1.50 | |
| 040 | a | Служба первич. каталог. | НБ ТвГУ | |
| 041 | a | Код языка текста | rus | |
| 080 | a | Индекс УДК | 510.6 | |
| a | Индекс УДК | 510.22 | ||
| 084 | a | Индекс другой классификации/Индекс ББК | В12 | |
| a | Индекс другой классификации/Индекс ББК | В126 | ||
| a | Индекс другой классификации/Индекс ББК | Ч426.22 | ||
| 090 | c | Каталожный индекс | В12 + В126 + Ч426.22 | |
| x | Авторский знак | К17 | ||
| a | Полочн. индекс | 51(07) | ||
| 100 | 1_ | a | Автор | Калужнин Лев Аркадьевич |
| 245 | 0_ | a | Заглавие | Элементы теории множеств и математической логики в школьном курсе математики |
| b | Продолж. заглавия | Пособие для учителей | ||
| c | Ответственность | Л.А. Калужнин | ||
| 260 | 0_ | a | Место издания | Москва |
| b | Издательство | Просвещение | ||
| c | Дата издания | 1978 | ||
| 300 | a | Объем | 87 с. | |
| b | Иллюстрации/ тип воспроизводства | ил. | ||
| 504 | a | Библиография | Библиогр.: с.85-86. | |
| 583 | a | Действие | Приписка 532 11.11.98 | |
| k | Исполнитель действия | Дар Ротермеля Б.Н. | ||
| 650 | a | Основная рубрика | Математическая логика | |
| 650 | a | Основная рубрика | Множеств теория | |
| 650 | a | Основная рубрика | Математика | |
| x | Основная подрубрика | Методика преподавания в средней школе | ||
| 653 | a | Ключевые слова | Математическая логика | |
| a | Ключевые слова | Теория множеств | ||
| a | Ключевые слова | Множества | ||
| a | Ключевые слова | Математика в школе | ||
| a | Ключевые слова | Преподавание математики | ||
| a | Ключевые слова | Методика | ||
| 852 | t | Порядковый номер экземпляра | 1 | |
| p | Инвентарный номер | 701737 1.50 | ||
| 888 | a | Бесплатные | ||
| 930 | a | Новая/Ретро | методика | |
| 952 | p | 532.98 1.50 1 701737 | ||
| c | Вид литературы | К ру | ||
| 954 | a | Дата поступления на обработку | 19981113 | |
| 999 | a | Подразделение 2 | Фил3 |